|
|
|
|
| LEADER |
01729nam a22003857a 4500 |
| 001 |
41119 |
| 003 |
BD-DhAAL |
| 008 |
230427t2004 dcufr p i0 a0eng d |
| 020 |
|
|
|a 1589064062
|
| 040 |
|
|
|a BD-DhAAL
|c BD-DhAAL
|
| 082 |
0 |
0 |
|a 338.5443
|2 23
|
| 130 |
0 |
|
|a World economic outlook (International Monetary Fund)
|9 54087
|
| 245 |
1 |
0 |
|a World economic outlook,
|n September 2004 :
|b the global demographic transition.
|
| 260 |
|
|
|a Washington, D.C. :
|b International Monetary Fund,
|c c2004.
|
| 300 |
|
|
|a xii, 287 pages :
|b illustrations ;
|c 28 cm.
|
| 490 |
1 |
|
|a Occasional paper (International Monetary Fund)
|
| 490 |
1 |
|
|a World economic and financial surveys
|
| 541 |
|
|
|a Donated By Akbar Ali Khan
|e 41119
|
| 650 |
|
0 |
|a Economic development
|v Periodicals.
|9 3963
|
| 650 |
|
0 |
|a International economic relations
|v Periodicals.
|9 54088
|
| 650 |
|
0 |
|a Balance of payments
|v Periodicals.
|9 54089
|
| 650 |
|
0 |
|a International finance
|v Periodicals.
|9 54090
|
| 650 |
|
0 |
|a Economic forecasting
|v Periodicals.
|9 54091
|
| 650 |
|
0 |
|a Economic history
|y 1971-1990
|v Periodicals.
|9 54092
|
| 650 |
|
0 |
|a Economic history
|y 1990-
|v Periodicals.
|9 54093
|
| 650 |
|
7 |
|a Economic development.
|
| 653 |
|
|
|a Economic history
|a 1977-1990
|a Periodicals.
|
| 653 |
|
|
|a Economic history
|a 1990-
|a Periodicals.
|
| 710 |
2 |
|
|a International Monetary Fund.
|
| 830 |
|
0 |
|a Occasional paper (International Monetary Fund)
|9 54094
|
| 830 |
|
0 |
|a World economic and financial surveys.
|9 54095
|
| 852 |
|
|
|a Ayesha Abed Library
|c Akbar Ali Khan Collection
|
| 942 |
|
|
|2 ddc
|c BK
|
| 999 |
|
|
|c 45688
|d 45688
|
| 952 |
|
|
|0 0
|1 0
|2 ddc
|4 0
|6 338_544300000000000_WOR
|7 1
|9 73571
|a BRACUL
|b BRACUL
|c AAKC
|d 2023-04-27
|e Donated By Akbar Ali Khan
|l 0
|o 338.5443 WOR
|p 3010041119
|r 2023-04-27
|t 1
|w 2023-04-27
|y BK
|